000 01001cam a2200253 i 4500
003 SA-RiAUC
005 20250116071514.0
008 250115s1971 mr g l 00000 ara c
040 _aSA-RiAUC
_bara
_cSA-RiAUC
_erda
082 0 4 _a346.01
090 _a346.01
_b م ي ك
100 1 _aميكو، عبد النبي
_eمؤلف.
245 1 2 _aالوسيط في شرح مدونة الأحوال الشخصية /
_cتأليف عبد النبي ميكو.
250 _aالطبعة الأولى.
264 1 _aالرباط :
_bجامعة محمد الخامس،
_c1971
264 3 _a[مكان الطبع غير محدد] :
_bمطبعة الكوثر
300 _a559 صفحة ؛
_c24 سم
336 _aنص
_btxt
_2rdacontent
_3كتاب
337 _aبدون وسيط
_bn
_2rdamedia
338 _aمجلد
_bnc
_2rdacarrier
650 4 _aالأحوال الشخصية للمسلمين
_xقوانين وتشريعات
_2aucsh
942 _2ddc
_cBOOK
_n0
949 _aSA-JeALM
_d250115
_umohamedma123
_n1
999 _c4847
_d4847